00278nam a22001217a 4500003000400000082001800004100001000022245003800032260004400070300000800114650001700122653001700139SGT a617.643bE21K aKirti aEvolution of Orthodontics brackts aGurugram, HaryanabSGT Universityc2021 a185 aOrthodontics aOrthodontics